Statistics for Flags of Canada Quiz

Click here to take the quiz!

General Stats

  • This quiz has been taken 25 times
  • The average score is 11 of 12

Answer Stats

Answer% Correct
Alberta
95%
British Columbia
95%
Quebec
95%
Manitoba
90%
Nunavut
90%
Prince Edward Island
90%
New Brunswick
85%
Newfoundland and Labrador
85%
Northwest Territories
85%
Nova Scotia
85%
Saskatchewan
85%
Yukon
75%

Score Distribution

Percentile by Number Answered

Percent of People with Each Score

Your Score History

You have not taken this quiz